000 00602nam a22001577a 4500
008 120611t xxu||||| |||| 00| 0 eng d
050 _b.1963
100 _aVaughan, Henry,
245 _aHenry Vaughan :
_bpoetry and selected prose /
_ced. with an introd. by L.C. Marti
260 _aLondon :
_bOxford University Press,
_c1963.
300 _axviii, 469 p. ;
440 _aOxford standard authors.
700 _aMartin,L.C.
942 _2lcc
_cBK
999 _c40931
_d40931